[Event "FIDE Open"]
[Site "Voronezh"]
[Date "2018.06.20"]
[Round "9.32"]
[White "Klevets, Ksenia"]
[Black "Grekhov, Luka"]
[Result "1-0"]
[WhiteElo "1844"]
[BlackElo "1955"]
[Annotator ""]
[Source ""]
[Remark ""]

1.e4 c5 2.Nf3 e6 3.c4 Nc6 4.Nc3 Nf6 5.Be2 a6 6.O-O Nd4 7.e5 Nxe2+
8.Qxe2 Ng8 9.d4 cxd4 10.Nxd4 d6 11.Rd1 Qb6 12.Be3 dxe5 13.Ndb5
Qc6 14.Qd3 Bd7 15.Na7 Qd6 16.Qxd6 Bxd6 17.Rxd6 Nf6 18.Rad1 Rb8
19.Bg5 Rd8 20.Bxf6 gxf6 21.Nc8 Rxc8 22.Rxd7 O-O 23.Rxb7 Rxc4
24.Rbd7 1-0

[Event "FIDE Open"]
[Site "Voronezh"]
[Date "2018.06.20"]
[Round "9.34"]
[White "Lupolov, Boris"]
[Black "Slastikhin, Vladislav"]
[Result "1/2-1/2"]
[WhiteElo "1925"]
[BlackElo "1846"]
[Annotator ""]
[Source ""]
[Remark ""]

1.d4 d5 2.c4 e6 3.Nf3 Nf6 4.Bg5 Be7 5.e3 O-O 6.Nc3 h6 7.Bh4 Nbd7
8.Qc2 c6 9.cxd5 exd5 10.Bd3 Re8 11.O-O Ne4 12.Bxe7 Qxe7 13.Rae1
f5 14.Nd2 Qh4 15.f3 Nxd2 16.Qxd2 Nf6 17.Qf2 Qxf2+ 18.Rxf2 Bd7
19.Rfe2 Rf8 20.e4 fxe4 21.fxe4 dxe4 22.Bc4+ Kh8 23.Nxe4 Nxe4
24.Rxe4 Rad8 25.Rf1 Rf5 26.g4 Rxf1+ 27.Kxf1 Re8 28.Rxe8+ Bxe8
29.Ke2 Bd7 30.h3 h5 31.g5 Bxh3 32.g6 Bf5 33.Bf7 h4 34.Kf3 h3
35.Kg3 a5 36.b3 Bd7 37.a3 Bf5 38.b4 axb4 39.axb4 b5 40.Kh2 Bd7 1/2-1/2

[Event "FIDE Open"]
[Site "Voronezh"]
[Date "2018.06.20"]
[Round "9.35"]
[White "Yaurov, Egor"]
[Black "Levicheva, Ekaterina"]
[Result "0-1"]
[WhiteElo "1825"]
[BlackElo "1908"]
[Annotator ""]
[Source ""]
[Remark ""]

1.d4 c5 2.d5 d6 3.c4 g6 4.Nc3 Nf6 5.e4 Bg7 6.Bd3 O-O 7.f4 e6
8.Nf3 exd5 9.cxd5 Re8 10.O-O c4 11.Bc2 Nbd7 12.h3 b5 13.a3 a5
14.Re1 Qb6+ 15.Kh1 Re7 16.e5 Ne8 17.e6 fxe6 18.f5 e5 19.fxg6
h6 20.Be3 Qb7 21.Qd2 b4 22.axb4 axb4 23.Ne4 b3 24.Rxa8 Qxa8 25.Bb1
Ndf6 26.Nxf6+ Nxf6 27.Rd1 e4 28.Nh4 Re5 29.Qf2 Rxd5 30.Rf1 Rh5
31.g4 Bxg4 32.hxg4 Nxg4 33.Qf7+ Kh8 34.Bd4 Rxh4+ 35.Kg2 Ne5 36.Bxe5
dxe5 37.Kg3 Qd8 38.Rf5 Rh1 39.Kg2 Rxb1 40.Qe6 Rxb2+ 41.Kg3 Qd3+
42.Kh4 Rh2+ 43.Kg4 Qh3# 0-1

[Event "FIDE Open"]
[Site "Voronezh"]
[Date "2018.06.20"]
[Round "9.36"]
[White "Knyazev, Pavel"]
[Black "Pokhlebin, Sergej"]
[Result "1-0"]
[WhiteElo "1762"]
[BlackElo "1898"]
[Annotator ""]
[Source ""]
[Remark ""]

1.Nf3 d5 2.g3 Nc6 3.Bg2 e5 4.d3 Be6 5.O-O Be7 6.Nbd2 Qd7 7.e4
dxe4 8.dxe4 O-O-O 9.c3 Bh3 10.b4 f6 11.a4 h5 12.Qe2 g5 13.Nc4
h4 14.b5 hxg3 15.fxg3 Bc5+ 16.Be3 Bxe3+ 17.Nxe3 Nce7 18.Rad1
Qe8 19.Bxh3+ Rxh3 20.Nxg5 Rh8 21.Rxd8+ Kxd8 22.Rd1+ Kc8 23.Qg4+
Kb8 24.Ne6 Nh6 25.Qe2 Qg6 26.Qc4 c6 27.Qc5 Nc8 28.bxc6 Qxe4 29.c7+
Ka8 30.Rd8 Nf7 31.Nf8 Qb1+ 32.Nd1 Qf5 33.Qf2 Qh3 34.Ne3 Nfd6
35.Nf5 Qg4 36.Nxd6 Qd1+ 37.Qf1 1-0

[Event "FIDE Open"]
[Site "Voronezh"]
[Date "2018.06.20"]
[Round "9.37"]
[White "Morgachev, Sergey"]
[Black "Stepanenko, Kirill"]
[Result "0-1"]
[WhiteElo "1889"]
[BlackElo "1784"]
[Annotator ""]
[Source ""]
[Remark ""]

1.d4 d5 2.c4 dxc4 3.e3 a6 4.Bxc4 e6 5.Nf3 b5 6.Bb3 Bb7 7.O-O
Nf6 8.Nc3 c5 9.Qe2 Nc6 10.Rd1 c4 11.Bc2 Be7 12.e4 Nb4 13.e5 Nfd5
14.Bb1 Nxc3 15.bxc3 Nd5 16.Qc2 Qa5 17.Bb2 Ba3 18.Rc1 g6 19.Nd2
Nf4 20.Bxa3 Qxa3 21.Re1 Nxg2 22.Rf1 Nf4 23.Ne4 O-O 24.Qd2 Bxe4
25.Bxe4 Nd5 26.Bxd5 exd5 27.f4 Kh8 28.f5 gxf5 29.Rxf5 Rg8+ 30.Kh1
Rg7 31.Raf1 Rf8 32.Rg5 Rfg8 33.Rgf5 Qe7 34.Qf4 Rg4 35.Qf2 a5
36.Rxf7 Qg5 37.e6 Re4 38.Re1 Rxe1+ 0-1

[Event "FIDE Open"]
[Site "Voronezh"]
[Date "2018.06.20"]
[Round "9.38"]
[White "Filippov, Vladimir"]
[Black "Mikheeva, Galina"]
[Result "1/2-1/2"]
[WhiteElo "1881"]
[BlackElo "1716"]
[Annotator ""]
[Source ""]
[Remark ""]

1.Nf3 f5 2.d4 Nf6 3.g3 g6 4.Bg2 Bg7 5.O-O O-O 6.Nbd2 Nc6 7.c3
e6 8.Re1 d5 9.e3 Ne4 10.Rf1 b6 11.Qa4 Qe8 12.Qa3 a5 13.Nxe4 dxe4
14.Nd2 Ba6 15.Re1 Bb7 16.b3 Qe7 17.Qxe7 Nxe7 18.Ba3 Rfe8 19.Rac1
e5 20.Bf1 Ba6 21.Nc4 exd4 22.cxd4 Nd5 23.Rc2 Bb7 24.Nb2 Rac8
25.Rec1 Bf8 26.Bxf8 Kxf8 27.a3 Re7 28.Nc4 Ra8 29.Ne5 c5 30.Bb5
cxd4 31.exd4 g5 32.Bc6 Bxc6 33.Rxc6 Rd8 34.R6c4 Re6 35.Nc6 Rdd6
36.Ne5 Rd8 37.Rc6 Ree8 38.Rh6 Kg7 39.Rhc6 Kf8 40.Nc4 e3 41.fxe3
Nxe3 42.Nxe3 Rxe3 43.Rxb6 Rxd4 44.Rf1 f4 45.gxf4 gxf4 46.Rf6+
Kg7 47.R6xf4 Rxf4 48.Rxf4 Rxb3 49.Ra4 Rb5 1/2-1/2

[Event "FIDE Open"]
[Site "Voronezh"]
[Date "2018.06.20"]
[Round "9.39"]
[White "Zhapova, Yana"]
[Black "Vorobiov, Nikolai"]
[Result "1-0"]
[WhiteElo "1597"]
[BlackElo "1873"]
[Annotator ""]
[Source ""]
[Remark ""]

1.e4 b6 2.d4 e6 3.Nf3 Bb7 4.Bd3 d6 5.O-O Nd7 6.Re1 g6 7.Bg5 Ne7
8.Qd2 h6 9.Be3 Bg7 10.Nc3 a6 11.a4 g5 12.Qc1 Ng6 13.Ne2 Nf6 14.Nd2
e5 15.Ng3 Nh4 16.dxe5 dxe5 17.Nc4 Qe7 18.c3 Rd8 19.Bc2 O-O 20.Bxg5
hxg5 21.Qxg5 Nd5 22.Qg4 Nf4 23.Ne3 Bc8 24.Nef5 Nxf5 25.exf5 f6
26.Bb3+ Kh7 27.Nh5 Bh6 28.Nxf4 Bxf4 29.Qxf4 1-0

[Event "FIDE Open"]
[Site "Voronezh"]
[Date "2018.06.20"]
[Round "9.40"]
[White "Netsvetaev, Kirill"]
[Black "Pak, Nikita"]
[Result "0-1"]
[WhiteElo "1536"]
[BlackElo "1870"]
[Annotator ""]
[Source ""]
[Remark ""]

1.d4 Nf6 2.c4 g6 3.Nc3 d5 4.cxd5 Nxd5 5.e4 Nxc3 6.bxc3 Bg7 7.Be3
O-O 8.Bc4 c5 9.Ne2 Nc6 10.Qd2 Qc7 11.Rc1 Rd8 12.O-O e6 13.Rfe1
Ne5 14.Bf4 Qa5 15.Bxe5 Bxe5 16.Qg5 cxd4 17.f4 Bc7 18.Qxa5 Bxa5
19.cxd4 Bd7 20.Kf2 Rac8 21.Ke3 Bb6 22.Bd3 f6 23.Rxc8 Bxc8 24.Bc4
Kf8 25.Kd3 Bd7 26.Rb1 Ke7 27.Bb5 Bc6 28.Bxc6 bxc6 29.Kc4 e5 30.fxe5
fxe5 31.Rd1 Ke6 32.d5+ cxd5+ 33.Rxd5 Rf8 34.Nc1 Rc8+ 0-1

[Event "FIDE Open"]
[Site "Voronezh"]
[Date "2018.06.20"]
[Round "9.41"]
[White "Kokueva, Alisa"]
[Black "Gerasko, Viacheslav"]
[Result "1-0"]
[WhiteElo "1586"]
[BlackElo "1862"]
[Annotator ""]
[Source ""]
[Remark ""]

1.c4 c5 2.Nf3 Nc6 3.d4 cxd4 4.Nxd4 d6 5.e4 g6 6.Nc3 Bg7 7.Be3
Nf6 8.Be2 O-O 9.O-O h6 10.Qd2 Kh7 11.f3 Bd7 12.Rac1 b6 13.Rfd1
Ne5 14.b3 Rc8 15.Kh1 Qc7 16.Bg1 Qb7 17.Nc2 Rfd8 18.Ne3 Ne8 19.Ned5
e6 20.Nb4 f5 21.exf5 gxf5 22.Bf2 a5 23.Nd3 Ng6 24.Nf4 Nxf4 25.Qxf4
Rb8 26.Bh4 Rdc8 27.Bd3 Bc6 28.Ne2 Kh8 29.Ng3 Qf7 30.Re1 Bd7 31.Nxf5
exf5 32.Re7 Qg6 33.Rxd7 Be5 34.Qxf5 Qxf5 35.Bxf5 Ng7 36.Rxg7
Kxg7 37.Bxc8 Rxc8 38.Bf2 1-0

[Event "FIDE Open"]
[Site "Voronezh"]
[Date "2018.06.20"]
[Round "9.42"]
[White "Koptev, Ruslan"]
[Black "Kushnarenko, Egor"]
[Result "1-0"]
[WhiteElo "1859"]
[BlackElo "1631"]
[Annotator ""]
[Source ""]
[Remark ""]

1.d4 d5 2.c4 e6 3.Nc3 Nf6 4.Bg5 Nbd7 5.cxd5 exd5 6.e3 Be7 7.Bd3
c6 8.Nf3 O-O 9.O-O h6 10.Bh4 Re8 11.Rb1 Nh7 12.Bxe7 Qxe7 13.b4
Ng5 14.Nxg5 Qxg5 15.b5 Nf6 16.Kh1 Qh4 17.Qf3 Ne4 18.Bxe4 dxe4
19.Qg3 Qxg3 20.hxg3 Be6 21.bxc6 bxc6 22.Rb2 Bd5 23.Rfb1 Kf8 24.Na4
Ke7 25.Nc5 Kf6 26.a3 Re7 27.Kg1 a5 28.a4 Raa7 29.Kf1 g5 30.Ke1
Kf5 31.Kd2 h5 32.Kc3 f6 33.Rb7 Rexb7 34.Rxb7 Ra8 35.Rh7 Kg6 36.Re7
f5 37.Rb7 h4 38.gxh4 gxh4 39.Nd7 Ra6 40.Rb8 c5 41.Rb5 Ra8 42.dxc5 1-0

[Event "FIDE Open"]
[Site "Voronezh"]
[Date "2018.06.20"]
[Round "9.44"]
[White "Markevich, Arseniy"]
[Black "Khanin, Alexandr"]
[Result "1/2-1/2"]
[WhiteElo "2076"]
[BlackElo "1744"]
[Annotator ""]
[Source ""]
[Remark ""]

1.e4 e6 2.d4 d5 3.Nc3 Bb4 4.e5 c5 5.a3 Bxc3+ 6.bxc3 Qc7 7.Nf3
Nc6 8.a4 Nge7 9.Ba3 cxd4 10.cxd4 Na5 11.Qd2 Nc4 12.Bxc4 Qxc4
13.Qb4 Qxb4+ 14.Bxb4 Bd7 15.Bxe7 Kxe7 16.Kd2 Rac8 17.Rhb1 Rc7
18.a5 Rhc8 19.Rb2 a6 20.Ra3 Bb5 21.Ne1 Rc4 22.c3 R4c7 23.Nd3
Rc4 1/2-1/2

[Event "FIDE Open"]
[Site "Voronezh"]
[Date "2018.06.20"]
[Round "9.45"]
[White "Astakhov, Alexander"]
[Black "Anisimov, V."]
[Result "0-1"]
[WhiteElo "1762"]
[BlackElo "2011"]
[Annotator ""]
[Source ""]
[Remark ""]

1.c4 Nf6 2.Nc3 c5 3.g3 Nc6 4.Bg2 g6 5.e4 Bg7 6.Nge2 O-O 7.O-O
d6 8.h3 a6 9.d3 e6 10.Bg5 Qc7 11.Qd2 Re8 12.Bh6 Bh8 13.f4 Rb8
14.f5 Ne5 15.g4 b5 16.b3 b4 17.Nd1 Nfxg4 18.hxg4 Nxg4 19.Rc1
Nxh6 20.Qxh6 exf5 21.Nf4 Bg7 22.Nd5 Qd8 23.Qd2 Bd4+ 24.N1e3 fxe4
25.dxe4 Qg5 26.Qf2 Bh3 27.Rce1 Rxe4 28.Qxf7+ Kh8 29.Re2 Bxg2
30.Rxg2 Bxe3+ 31.Nxe3 Qxe3+ 0-1

[Event "FIDE Open"]
[Site "Voronezh"]
[Date "2018.06.20"]
[Round "9.46"]
[White "Pikalova, Sofya"]
[Black "Kasantsev, Anatolij B."]
[Result "0-1"]
[WhiteElo "1739"]
[BlackElo "1962"]
[Annotator ""]
[Source ""]
[Remark ""]

1.e4 c5 2.Nf3 e6 3.g3 Nc6 4.Bg2 Nf6 5.Qe2 d6 6.O-O g6 7.c3 e5
8.Na3 Bg7 9.Nc2 O-O 10.d4 exd4 11.cxd4 Re8 12.Bg5 Qb6 13.Bxf6
Bxf6 14.d5 Nb4 15.Ne3 Rxe4 16.Nd2 Re8 17.Qf3 Bg7 18.Ndc4 Qc7
19.Rfd1 b5 20.Na3 a6 21.Rd2 c4 22.Nf1 Nd3 23.Rb1 Bf5 24.Nc2 Nxb2
25.Nfe3 Bxc2 26.Rxc2 c3 27.Ng4 f5 28.Ne3 Qe7 29.g4 fxg4 30.Nxg4
Nc4 31.Rd1 h5 32.Ne3 Nxe3 33.Re2 Qg5 34.Rxe3 Rxe3 35.Qxe3 Qxe3
36.fxe3 Bh6 37.Be4 Bxe3+ 0-1

[Event "FIDE Open"]
[Site "Voronezh"]
[Date "2018.06.20"]
[Round "9.47"]
[White "Tatarintsev, Mikhail"]
[Black "Malinin, Sergey"]
[Result "1-0"]
[WhiteElo "1681"]
[BlackElo "1953"]
[Annotator ""]
[Source ""]
[Remark ""]

1.e4 d6 2.d4 Nf6 3.Nc3 g6 4.Nf3 Bg7 5.Be2 O-O 6.O-O Bg4 7.h3
Bxf3 8.Bxf3 Nc6 9.Ne2 e5 10.d5 Ne7 11.c4 Nd7 12.Bd2 f5 13.Nc3
f4 14.Bg4 Rf6 15.b4 Nf8 16.c5 h5 17.Bf3 Nh7 18.g4 Ng5 19.Kg2
Qd7 20.Rh1 Raf8 21.Qa4 c6 22.Rad1 Qc8 23.Bc1 Rd8 24.Qxa7 Kh7
25.Ba3 Rf7 26.cxd6 Rxd6 27.b5 Rd7 28.dxc6 Rxd1 29.Rxd1 bxc6 30.Bxe7
Nxf3 31.Kxf3 Qe6 32.bxc6 Rxe7 33.Rd7 1-0

[Event "FIDE Open"]
[Site "Voronezh"]
[Date "2018.06.20"]
[Round "9.48"]
[White "Piskov, Vladimir A."]
[Black "Sushkov, Mikhail"]
[Result "1-0"]
[WhiteElo "1928"]
[BlackElo "1727"]
[Annotator ""]
[Source ""]
[Remark ""]

1.d4 e6 2.Nf3 c5 3.c4 Nc6 4.d5 Na5 5.e4 d6 6.Bd2 Bd7 7.Bd3 e5
8.O-O b6 9.h3 h6 10.Nh2 Be7 11.f4 Bf6 12.Nc3 a6 13.Qf3 Rb8 14.fxe5
dxe5 15.Ng4 Qe7 16.Qg3 Bxg4 17.Qxg4 h5 18.Qe2 g5 19.Rf2 Nb7 20.Raf1
Nd6 21.Rxf6 Qxf6 22.Rxf6 Nxf6 23.Bxg5 1-0

[Event "FIDE Open"]
[Site "Voronezh"]
[Date "2018.06.20"]
[Round "9.49"]
[White "Bukatin, Arseny"]
[Black "Volovich, Evgeny"]
[Result "1-0"]
[WhiteElo "1894"]
[BlackElo "1617"]
[Annotator ""]
[Source ""]
[Remark ""]

1.e4 e6 2.d4 d5 3.Nc3 Bb4 4.e5 Ne7 5.Qg4 O-O 6.a3 Bxc3+ 7.bxc3
c5 8.Bd3 f5 9.exf6 Rxf6 10.Qh5 h6 11.Nf3 c4 12.Be2 Nbc6 13.g4
Bd7 14.g5 Rf5 15.Nh4 Be8 16.Qg4 h5 17.Qh3 Rf8 18.Qxe6+ Bf7 19.Qh3
g6 20.O-O Qd6 21.Re1 Be6 22.Qg3 Qxg3+ 23.hxg3 Bf5 24.Nxf5 Nxf5
25.Bf3 Rad8 26.Bf4 h4 27.Bg2 hxg3 28.fxg3 Kf7 29.Rab1 b6 30.Rf1
Kg7 31.Rbe1 Rf7 32.Re6 Nce7 33.Be5+ Kg8 34.Re1 Kf8 35.Bf6 Rd7
36.g4 Ng7 37.Rxe7 Rfxe7 38.Rxe7 Rxe7 39.Bxe7+ Kxe7 40.Bxd5 1-0

[Event "FIDE Open"]
[Site "Voronezh"]
[Date "2018.06.20"]
[Round "9.50"]
[White "Shestakova, Ekaterina"]
[Black "Badtrutdinova, Darya"]
[Result "1/2-1/2"]
[WhiteElo "1886"]
[BlackElo "1604"]
[Annotator ""]
[Source ""]
[Remark ""]

1.e4 c6 2.d4 d5 3.Nc3 g6 4.Nf3 Bg7 5.h3 Nh6 6.Bd3 dxe4 7.Nxe4
Nf5 8.c3 O-O 9.O-O Nd7 10.Bd2 Nb6 11.Qc2 Nd6 12.Nxd6 Qxd6 13.Rfe1
e6 14.Ne5 c5 15.dxc5 Qxc5 16.Be3 Qxe5 17.Bxb6 Qd6 18.Be3 Bd7
19.Rad1 Qc7 20.c4 Bc6 21.b4 b6 22.c5 Bd5 23.a4 bxc5 24.Bxc5 Rfc8
25.Ba6 Rcb8 26.Qd3 Qc6 27.Bb5 Qb7 28.f3 a6 29.Bc4 Bxc4 30.Qxc4
Qc6 31.Qa2 Bc3 32.Re4 a5 33.Rc4 axb4 34.Ba7 Qb7 35.Bxb8 Qxb8
36.Qb3 Qa7+ 37.Kf1 Qxa4 38.Qxa4 Rxa4 39.Rc8+ Kg7 40.Rb8 Ra2 41.Rb7 1/2-1/2

[Event "FIDE Open"]
[Site "Voronezh"]
[Date "2018.06.20"]
[Round "9.51"]
[White "Vasiljev, Ilya"]
[Black "Sibgatullin, Amir"]
[Result "1-0"]
[WhiteElo "1816"]
[BlackElo "1638"]
[Annotator ""]
[Source ""]
[Remark ""]

1.e4 c5 2.Nf3 Nc6 3.d4 cxd4 4.Nxd4 Qb6 5.Nb3 Nf6 6.Bd3 e6 7.O-O
Be7 8.Be3 Qc7 9.Nc3 a6 10.f4 d6 11.a4 O-O 12.a5 Nd7 13.Na4 f5
14.exf5 exf5 15.Nb6 Rb8 16.Re1 Nf6 17.c3 Kh8 18.Qc2 g6 19.Nd4
Nd8 20.Bf2 d5 21.Bh4 Qd6 22.Rxe7 Qxe7 23.Nxd5 Qd6 24.Bxf6+ Rxf6
25.Nxf6 Qxf6 26.Re1 Bd7 27.Qe2 Nc6 28.Nxc6 Qxc6 29.Qe5+ 1-0

[Event "FIDE Open"]
[Site "Voronezh"]
[Date "2018.06.20"]
[Round "9.52"]
[White "Ochirova, Anita"]
[Black "Makarov, Anton"]
[Result "1/2-1/2"]
[WhiteElo "1691"]
[BlackElo "1787"]
[Annotator ""]
[Source ""]
[Remark ""]

1.e4 c5 2.Nc3 Nc6 3.g3 g6 4.Bg2 Bg7 5.d3 Rb8 6.f4 b5 7.Nf3 b4
8.Ne2 d6 9.c3 Nf6 10.d4 cxd4 11.cxd4 Nxe4 12.Qc2 Bb7 13.Qxe4
Nxd4 14.Qd3 Ba6 15.Qxa6 Nc2+ 16.Kf2 Nxa1 17.Be3 Bxb2 18.Bd4 Bxd4+
19.Nexd4 b3 20.axb3 Nxb3 21.Nxb3 O-O 22.Nbd4 1/2-1/2

[Event "FIDE Open"]
[Site "Voronezh"]
[Date "2018.06.20"]
[Round "9.53"]
[White "Murzina, Agata"]
[Black "Teryaeva, Valeria"]
[Result "1-0"]
[WhiteElo "1632"]
[BlackElo "1787"]
[Annotator ""]
[Source ""]
[Remark ""]

1.c4 Nf6 2.Nf3 e6 3.g3 b6 4.Bg2 Bb7 5.O-O c5 6.Nc3 Be7 7.d3 d5
8.cxd5 exd5 9.Nh4 Qd7 10.e4 dxe4 11.dxe4 Qxd1 12.Rxd1 Nc6 13.Nf5
Bf8 14.Nb5 Rb8 15.Nc7# 1-0

[Event "FIDE Open"]
[Site "Voronezh"]
[Date "2018.06.20"]
[Round "9.54"]
[White "Tatarinova, Elena"]
[Black "Makushin, Aleksandr"]
[Result "1-0"]
[WhiteElo "1797"]
[BlackElo "1692"]
[Annotator ""]
[Source ""]
[Remark ""]

1.e4 c6 2.d4 d5 3.exd5 cxd5 4.Bd3 Nf6 5.Bf4 Bg4 6.Nf3 e6 7.Nbd2
Nc6 8.h3 Bxf3 9.Nxf3 Bd6 10.Bxd6 Qxd6 11.c3 Rc8 12.O-O O-O 13.Re1
Na5 14.Ne5 a6 15.Qe2 Qc7 16.Rac1 Nc4 17.b3 Nxe5 18.dxe5 Nd7 19.c4
Qa5 20.Qh5 g6 21.Qe2 dxc4 22.Rxc4 Rxc4 23.Bxc4 b5 24.Bd3 Rc8
25.Rd1 Qc7 26.f4 Nb6 27.Be4 Qc5+ 28.Kh2 Nd5 29.Bxd5 exd5 30.Qd2
Rd8 31.Qa5 Qc8 32.Rc1 Qxc1 33.Qxd8+ Kg7 34.Qf6+ Kg8 35.Qd8+ Kg7
36.Qf6+ Kg8 1-0

[Event "FIDE Open"]
[Site "Voronezh"]
[Date "2018.06.20"]
[Round "9.55"]
[White "Voronin, Yaroslav"]
[Black "Kuzmin, Vitaly"]
[Result "1/2-1/2"]
[WhiteElo "1684"]
[BlackElo "1738"]
[Annotator ""]
[Source ""]
[Remark ""]

1.Nf3 d5 2.b3 Nf6 3.Bb2 g6 4.c4 c6 5.e3 Bg7 6.Be2 Bg4 7.O-O O-O
8.Nd4 Bxe2 9.Nxe2 Nbd7 10.f4 e6 11.Qc2 Rc8 12.h3 Ne4 13.Bxg7
Kxg7 14.Nbc3 Ndf6 15.Nxe4 Nxe4 16.Nc3 f5 17.d3 Nxc3 18.Qxc3+
Qf6 19.Qxf6+ Kxf6 20.d4 dxc4 21.bxc4 c5 22.Rac1 Rfd8 23.Rfd1
Rd6 24.dxc5 Rxd1+ 25.Rxd1 Rxc5 26.Rd7 Rxc4 27.Rxb7 1/2-1/2

[Event "FIDE Open"]
[Site "Voronezh"]
[Date "2018.06.20"]
[Round "9.56"]
[White "Rubtsov, Victor"]
[Black "Vlasova, Olesia"]
[Result "1-0"]
[WhiteElo "1735"]
[BlackElo "1682"]
[Annotator ""]
[Source ""]
[Remark ""]

1.d4 d5 2.Bg5 g6 3.Nf3 Bg7 4.e3 Nf6 5.Bd3 O-O 6.O-O c6 7.Nbd2
Bg4 8.h3 Bxf3 9.Nxf3 Nbd7 10.c4 Qb6 11.Qc2 Rfe8 12.Rac1 dxc4
13.Bxc4 e5 14.dxe5 Nxe5 15.Nxe5 Rxe5 16.Bf4 Ree8 17.Rfd1 Rad8
18.b3 Qa5 19.a4 Rxd1+ 20.Rxd1 Rd8 21.Bd6 Rd7 22.Bf4 Qd8 23.Rxd7
Qxd7 24.Be5 a6 25.b4 Ne8 26.Bxg7 Kxg7 27.b5 cxb5 28.axb5 axb5
29.Qb2+ Nf6 30.Bxb5 Qd5 31.Be2 Qa5 32.Qxb7 Qe1+ 33.Bf1 Qa1 34.g3
Qe5 35.Bc4 Ne4 36.Qxf7+ Kh6 37.Qf8+ Kh5 38.Be2+ 1-0

[Event "FIDE Open"]
[Site "Voronezh"]
[Date "2018.06.20"]
[Round "9.57"]
[White "Shcherbinin, Nikolay"]
[Black "Granovskaya, Ekaterina"]
[Result "1-0"]
[WhiteElo "1671"]
[BlackElo "1731"]
[Annotator ""]
[Source ""]
[Remark ""]

1.e4 e5 2.Nf3 Nc6 3.Bb5 a6 4.Bxc6 dxc6 5.O-O f6 6.d4 exd4 7.Qxd4
Qxd4 8.Nxd4 Bd6 9.Nd2 Ne7 10.Nc4 O-O 11.Ne3 f5 12.Nexf5 Nxf5
13.Nxf5 Bxf5 14.exf5 Rxf5 15.Be3 Re8 16.Rad1 Re7 17.Rfe1 Rfe5
18.h3 Kf7 19.Kf1 h6 20.Bd4 Re4 21.f3 R4e6 22.Rxe6 Rxe6 23.Re1
g6 24.g4 h5 25.Re2 c5 26.Bh8 Bf4 27.gxh5 gxh5 28.Re4 Bg3 29.Ke2
b5 30.Ke3 c6 31.c4 Bd6 32.Rxe6 Kxe6 33.Ke4 a5 34.b3 a4 35.f4
axb3 36.axb3 b4 37.Be5 Be7 38.Bh8 Bd6 39.f5+ Kf7 40.Be5 Be7 41.Bc7
Kf6 42.Bg3 Kf7 43.Bf2 Bf8 1-0

[Event "FIDE Open"]
[Site "Voronezh"]
[Date "2018.06.20"]
[Round "9.58"]
[White "Kuzminykh, Nikita"]
[Black "Efendieva, Alina"]
[Result "1-0"]
[WhiteElo "1658"]
[BlackElo "1727"]
[Annotator ""]
[Source ""]
[Remark ""]

1.e4 e5 2.Nf3 Nc6 3.Bc4 Nf6 4.Ng5 d5 5.exd5 Na5 6.Bb5+ c6 7.dxc6
bxc6 8.Bd3 Ng4 9.Ne4 f5 10.Be2 h5 11.h3 fxe4 12.hxg4 Bc5 13.b4
Bxf2+ 14.Kxf2 Qd4+ 15.Kg3 e3 16.dxe3 Qxa1 17.Bd2 Qxa2 18.bxa5
h4+ 19.Kh2 Qe6 20.Na3 e4 21.Bc3 Qe7 22.Nc4 O-O 23.Ne5 Qg5 24.Bc4+
Kh7 25.Qe1 Bxg4 26.Kg1 Bh5 27.Rxh4 Rf5 28.Bf7 Rxf7 29.Nxf7 Qg6
30.Ne5 Qg5 31.g4 g6 32.Nf7 Qd5 33.gxh5 gxh5 34.Qe2 Rg8+ 35.Kh1
Qxf7 36.Rxh5+ Kg6 1-0

[Event "FIDE Open"]
[Site "Voronezh"]
[Date "2018.06.20"]
[Round "9.60"]
[White "Lesnykh, Zhanna"]
[Black "Godzhurov, Lidzhi"]
[Result "0-1"]
[WhiteElo "1616"]
[BlackElo "1703"]
[Annotator ""]
[Source ""]
[Remark ""]

1.f4 Nf6 2.Nf3 d5 3.g3 Bf5 4.Bg2 h6 5.O-O e6 6.e3 Be7 7.Nc3 O-O
8.b3 c5 9.d3 Nc6 10.Bb2 Ng4 11.Qe2 d4 12.Nd1 Nxe3 13.Nxe3 dxe3
14.Qxe3 Nb4 15.Ne1 Nd5 16.Qd2 Bf6 17.Bxf6 Qxf6 18.Nf3 Rfd8 19.Ne5
Qe7 20.g4 Bh7 21.a3 f6 22.Nc4 Qc7 23.Rae1 Qd7 24.g5 Bf5 25.gxh6
gxh6 26.Kh1 Kh7 27.Be4 Rg8 28.Rg1 Qc7 29.Rgf1 Rg7 30.Bxf5+ exf5
31.h3 Rag8 32.Qf2 b5 33.Ne3 Qb7 34.Qf3 Rg3 35.Qxg3 Rxg3 36.Nxf5
Ne3+ 37.Rf3 Qxf3+ 38.Kh2 Qg2# 0-1

[Event "FIDE Open"]
[Site "Voronezh"]
[Date "2018.06.20"]
[Round "9.61"]
[White "Suleymanov, Emirlan"]
[Black "Pogorelov, Aleksey"]
[Result "1-0"]
[WhiteElo "1701"]
[BlackElo "1569"]
[Annotator ""]
[Source ""]
[Remark ""]

1.e4 d5 2.exd5 Qxd5 3.Nc3 Qa5 4.Nf3 Bg4 5.h3 Bh5 6.Be2 Nc6 7.d3
O-O-O 8.Bd2 Qf5 9.g4 Bxg4 10.hxg4 Qxg4 11.Ng5 1-0

[Event "FIDE Open"]
[Site "Voronezh"]
[Date "2018.06.20"]
[Round "9.62"]
[White "Denisenko, Dmitry"]
[Black "Ismailov, Samir"]
[Result "1/2-1/2"]
[WhiteElo "1703"]
[BlackElo "1507"]
[Annotator ""]
[Source ""]
[Remark ""]

1.e4 e6 2.d4 d5 3.exd5 exd5 4.Nf3 Nf6 5.Bd3 Be7 6.O-O O-O 7.h3
Be6 8.Be3 Nbd7 9.Nbd2 c5 10.c3 c4 11.Bc2 b5 12.Ng5 h6 13.Nxe6
fxe6 14.Re1 Bd6 15.Nf3 Qc7 16.Nh4 Rae8 17.Bg6 Re7 18.Bc2 Rff7
19.Bg6 Rf8 20.Bc2 Rff7 1/2-1/2

[Event "FIDE Open"]
[Site "Voronezh"]
[Date "2018.06.20"]
[Round "9.63"]
[White "Titarenko, Pavel"]
[Black "Koshelev, Vladimir"]
[Result "1-0"]
[WhiteElo "1520"]
[BlackElo "1741"]
[Annotator ""]
[Source ""]
[Remark ""]

1.e4 g6 2.d4 d6 3.Nc3 a6 4.Bf4 Bg7 5.Nf3 Nf6 6.h3 O-O 7.Be3 b5
8.a3 Bb7 9.e5 Nd5 10.Nxd5 Bxd5 11.h4 f6 12.Qd2 dxe5 13.dxe5 Bf7
14.Bd3 Qc8 15.Bh6 Nc6 16.h5 Qe6 17.Bxg7 Kxg7 18.hxg6 Bxg6 19.Qh6+
Kg8 20.Bxg6 hxg6 21.Qh7# 1-0

[Event "FIDE Open"]
[Site "Voronezh"]
[Date "2018.06.20"]
[Round "9.64"]
[White "Kuritsina, Zlata"]
[Black "Strukov, Dmitry"]
[Result "1/2-1/2"]
[WhiteElo "1508"]
[BlackElo "1737"]
[Annotator ""]
[Source ""]
[Remark ""]

1.e4 c5 2.Nf3 d6 3.d4 cxd4 4.Nxd4 Nf6 5.Nc3 g6 6.Bg5 Bg7 7.Bb5+
Bd7 8.Bxd7+ Nbxd7 9.O-O O-O 10.Qd2 Qb6 11.Nb3 Rac8 12.Bh6 Nc5
13.Bxg7 Nxb3 14.cxb3 Kxg7 15.Qf4 Qc5 16.Rac1 Qa5 17.Rfe1 Rc5
18.a3 Qb6 19.Qe3 Qxb3 20.Qd2 Rfc8 21.h3 Qe6 22.Re2 h5 23.Rce1
g5 24.e5 Nh7 25.exd6 Qxd6 26.Qe3 Qc7 27.Qd4+ e5 28.Rxe5 Rxe5
29.Rxe5 f6 30.Rd5 Kh6 31.Rd7 Qc6 32.Qd3 Nf8 33.Rd6 Qe8 34.Rxf6+
Ng6 35.Qf5 Rc6 36.Rxc6 Qxc6 37.Qb5 Qc7 38.Qd5 Nf4 39.Qe4 Qb6
40.Qc2 Qe6 41.Qd2 Qc6 42.f3 Ng6 43.Ne4 Qb5 44.g3 h4 45.Kg2 Qe5
46.Qc3 Qf5 1/2-1/2

[Event "FIDE Open"]
[Site "Voronezh"]
[Date "2018.06.20"]
[Round "9.66"]
[White "Ryumshin, Vladislav"]
[Black "Lebedeva, Ekaterina"]
[Result "1-0"]
[WhiteElo "1697"]
[BlackElo "1503"]
[Annotator ""]
[Source ""]
[Remark ""]

1.e4 c5 2.Nf3 Nc6 3.d4 cxd4 4.Nxd4 e5 5.Nb5 d6 6.N1c3 a6 7.Na3
Nf6 8.Bg5 Be7 9.Bxf6 Bxf6 10.Nc4 Be7 11.Nd5 Bf8 12.Ndb6 Rb8 13.Qd2
Be6 14.Rd1 Qh4 15.Qe3 Nd4 16.Rd2 Bxc4 17.Bxc4 Qd8 18.Nd5 Rc8
19.Bb3 Qa5 20.O-O Nxb3 21.axb3 Qc5 22.Qg5 h6 23.Qg3 h5 24.Rfd1
Rh6 25.Ne3 h4 26.Qh3 g5 27.Rd3 Rd8 28.Rc3 Qb4 29.Qf5 Rg6 30.Nd5
Qa5 31.Rc7 Qxc7 32.Nxc7+ Ke7 33.Nd5+ 1-0

[Event "FIDE Open"]
[Site "Voronezh"]
[Date "2018.06.20"]
[Round "9.67"]
[White "Meshkov, Timofey"]
[Black "Chuprik, Ilya"]
[Result "1/2-1/2"]
[WhiteElo "1403"]
[BlackElo "1650"]
[Annotator ""]
[Source ""]
[Remark ""]

1.d4 Nf6 2.c4 g6 3.Nc3 d5 4.Bg5 c6 5.Nf3 Bg7 6.e3 O-O 7.cxd5
Nxd5 8.Bd3 h6 9.Bh4 g5 10.Nxd5 Qxd5 11.Bg3 Bg4 12.Be2 Qa5+ 13.Nd2
Bxe2 14.Qxe2 Nd7 15.O-O Qb4 16.Nb3 a5 17.Qd2 Qb6 18.Qc3 Rfc8
19.Nc5 Qxc5 20.Qxc5 Nxc5 21.dxc5 Rd8 22.Rfd1 Bxb2 23.Bc7 Rdc8
24.Rab1 Rxc7 25.Rxb2 a4 26.h3 Ra5 27.Rc2 Kg7 1/2-1/2

[Event "FIDE Open"]
[Site "Voronezh"]
[Date "2018.06.20"]
[Round "9.68"]
[White "Pokasova, Irina"]
[Black "Popov, Denis"]
[Result "1/2-1/2"]
[WhiteElo "1311"]
[BlackElo "1642"]
[Annotator ""]
[Source ""]
[Remark ""]

1.d4 e6 2.c4 f5 3.Nf3 Bb4+ 4.Bd2 Be7 5.Nc3 Nf6 6.Qc2 O-O 7.e3
d6 8.Bd3 c6 9.h3 h6 10.O-O-O d5 11.Ne5 Ne4 12.Bxe4 dxe4 13.Ng6
Rf7 14.Nxe7+ Rxe7 15.Rdg1 Na6 16.a3 Nc7 17.g4 b5 18.cxb5 cxb5
19.Qb3 Nd5 20.gxf5 Rc7 21.Kd1 Nxc3+ 22.Bxc3 Qd5 23.Qxd5 exd5
24.f6 g5 25.Bb4 Kf7 26.h4 g4 27.Be7 Be6 28.Kd2 Rac8 29.Rc1 Rxc1
30.Rxc1 Rxc1 31.Kxc1 a5 32.Kd2 Ke8 33.Kc3 Kd7 34.b4 a4 35.Kd2
Bf7 1/2-1/2